00469nam a22001577a 450000500170000001000150001702000260003203500140005803700130007208200060008510000240009124500840011526000340019927000580023330000200029120170515121935.0 aENG-118148 a9789385285684c395.00 aEN-101680 bDBAD/PUB aS aDasgupta, Siddharth aThe sacred sorrow of sparrows cby Siddharth DasguptabA collections of lives / aNew DelhibNiyogi Booksc2017 aD-78, Okhla Industrial Area, Phase-I New Delhi-110020 a253pc23cm.(Hb)